000 00757nam a22002177a 4500
003 OSt
005 20250917100426.0
008 240820b ||||| |||| 00| 0 eng d
040 _c0
082 _aDPer 364.05 J826 Summer-Fall 2017 v. 107 n. 3-4
100 _aBarry, Kevin M.
_eauthor.
_958549
245 _aThe law of abolition /
_cKevin M. Barry.
260 _aEvanston, Illinois ;
_bNorthwestern University Press ,
_cFall 2017.
300 _aVolume 107, pages 521-560 :
_c26 cm.
500 _aThe Journal of Criminal Law & Criminology, vol. 107, no. 4, pages 521-560, Fall 2017.
650 0 _aCriminal law.
_913336
650 0 _aPunishment.
_922571
650 0 _aHuman rights.
_926432
700 _aBarry, Kevin M.
_eauthor.
_958549
942 _2ddc
_cPER
999 _c20731
_d20731